000 00596nam a2200241Ia 4500
003 OSt
005 20220924142343.0
006 a|||||r|||| 00| 0
007 ta
008 220923b |||||||| |||| 00| 0 ben d
020 _a8172150407 (hbk)
024 _a301604
037 _cTextual
040 _aARTS
_cARTS
_bben
041 _2ben
_aben
082 _aYZxM20, 157N2
100 _aMitra Indra
_9209657
245 0 _aKaruna sagar bidya sagar
260 _c1992
650 _aSOCIOLOGY
942 _hYZxM20, 157N2
_cTEXL
_2CC
999 _c450418
_d450418